The Sepoy mutiny and the revolt of 1857/ (Record no. 18535)
[ view plain ]
| 000 -LEADER | |
|---|---|
| fixed length control field | 00706cam a22002297 4500 |
| 001 - CONTROL NUMBER | |
| control field | 6773074 |
| 003 - CONTROL NUMBER IDENTIFIER | |
| control field | BDDh-ASL |
| 005 - DATE AND TIME OF LATEST TRANSACTION | |
| control field | 20231015025719.0 |
| 008 - FIXED-LENGTH DATA ELEMENTS--GENERAL INFORMATION | |
| fixed length control field | 910111s1957 ii 000 0 eng |
| 010 ## - LIBRARY OF CONGRESS CONTROL NUMBER | |
| LC control number | ltf90030125 |
| 040 ## - CATALOGING SOURCE | |
| Original cataloging agency | DLC |
| Transcribing agency | DLC |
| Modifying agency | BDDh-ASL |
| 050 00 - LIBRARY OF CONGRESS CALL NUMBER | |
| Classification number | 4DS Ind 283 |
| 082 ## - DEWEY DECIMAL CLASSIFICATION NUMBER | |
| Classification number | 954 |
| Item number | MAS |
| 100 1# - MAIN ENTRY--PERSONAL NAME | |
| Personal name | Majumdar, R. C. |
| Fuller form of name | (Ramesh Chandra), |
| Dates associated with a name | 1888-1980. |
| 245 14 - TITLE STATEMENT | |
| Title | The Sepoy mutiny and the revolt of 1857/ |
| Statement of responsibility, etc. | by R. C. Majumdar. |
| 250 ## - EDITION STATEMENT | |
| Edition statement | [1st ed.] |
| 260 ## - PUBLICATION, DISTRIBUTION, ETC. | |
| Place of publication, distribution, etc. | Calcutta : |
| Name of publisher, distributor, etc. | Firma K. L. Mukhopadhyay, |
| Date of publication, distribution, etc. | 1957. |
| -- | 1963. |
| 300 ## - PHYSICAL DESCRIPTION | |
| Extent | 503 p. : |
| Dimensions | 23 cm. |
| 650 04 - SUBJECT ADDED ENTRY--TOPICAL TERM | |
| 9 (RLIN) | 1358 |
| Topical term or geographic name entry element | Revolt |
| General subdivision | Politics and Government |
| Geographic subdivision | India |
| 906 ## - LOCAL DATA ELEMENT F, LDF (RLIN) | |
| a | 0 |
| b | cbc |
| c | premunv |
| d | u |
| e | ncip |
| f | 19 |
| g | y-gencatlg |
| 942 ## - ADDED ENTRY ELEMENTS (KOHA) | |
| Source of classification or shelving scheme | Dewey Decimal Classification |
| Koha item type | Books |
| Withdrawn status | Lost status | Source of classification or shelving scheme | Damaged status | Not for loan | Collection code | Home library | Current library | Shelving location | Date acquired | Source of acquisition | Total Checkouts | Full call number | Barcode | Date last seen | Copy number | Price effective from | Koha item type | Public note |
|---|---|---|---|---|---|---|---|---|---|---|---|---|---|---|---|---|---|---|
| Dewey Decimal Classification | Not For Loan | Non-fiction | Asiatic Society Library | Asiatic Society Library | Harrison Collection | 10/13/2020 | Donated by Prof. John B. Harrison | 954 MAS | 101727 | 10/13/2020 | C-1 | 10/13/2020 | Books | RARE | ||||
| Dewey Decimal Classification | Non-fiction | Asiatic Society Library | Asiatic Society Library | General Stacks | 02/24/2021 | ASB Library Collections | 954 MAS | 106549 | 02/24/2021 | C-2 | 02/24/2021 | Books | RARE |